| 000 | 00000nam##2200000za#4500 |
| 001 | 9.662558 |
| 003 | CaOODSP |
| 005 | 20210615120621 |
| 007 | ta |
| 008 | 150407|2001||||xxc||||| f|0| 0 fre|d |
| 020 | |a0-662-65529-X |
| 040 | |aCaOODSP|bfre |
| 041 | |aeng |
| 041 | |afre |
| 043 | |an-cn--- |
| 086 | 1 |aFs23-396/2001 |
| 110 | 1 |aCanada. |bMinistère des pêches et des océans. |
| 245 | 13|aLa pêche récréative au Canada : |bpolitique-cadre |
| 260 | |aOttawa - Ontario : |bPêches et Océans Canada |c2001. |
| 300 | |aTexte français, 6p. : |bill. ; |c28 cm. |
| 546 | |aBilingue |
| 563 | |aCouverture souple |
| 590 | |a01-18|b2001-05-04 |
| 691 | 07|aPêche sportive|2gcpds |
| 691 | 07|aPolitique des pêches|2gcpds |
| 776 | 0#|tLa pêche récréative au Canada : |w(CaOODSP)9.641162 |
| 776 | 0#|tRecreational fisheries in Canada : |w(CaOODSP)9.697095 |
| 791 | |tRecreational fisheries in Canada : |eeng|w(CaOODSP)9.662557 |